| 000 | 00409pab a2200157 454500 | ||
|---|---|---|---|
| 008 | 180718b2012 xxu||||| |||| 00| 0 eng d | ||
| 100 | _aRajimwale, Anil | ||
| 245 | _aMarx and Engel's on the use of parliamentary institutions: A study of Engel's introduction | ||
| 260 | _c2012 | ||
| 300 | _ap.31-32. | ||
| 362 | _a12 May | ||
| 650 | _aMark, Karl | ||
| 773 | _aMainstream | ||
| 908 | _aN | ||
| 909 | _a95660 | ||
| 999 |
_c95660 _d95660 |
||